000 00645nam a2200229 a 4500
001 74874
003 BD-RjUL
005 20211209082621.0
008 181215s1967 nyua 001 0 eng
035 _a(BD-RjUL)75092
040 _aDLC/ICU
_cICU
_dDLC
_dBD-RjUL
_beng
041 _aeng
082 0 0 _223
_a596
_bWEE 1967
100 1 _aWeichert, Charles K.
_q(Charles Kipp),
_d1902-
_9128806
245 1 0 _aElements of chordate anatomy /
_cCharles K Weichert
250 _a3rd ed.
260 _aNew York :
_bMcGraw-Hill,
_c1967.
300 _a472 p. :
_bill. ;
_c24 cm.
500 _aIncludes index
650 0 _aChordata
_9215959
942 _2ddc
_cBK
999 _c74874
_d74874